La ciencia: su método y su filosofía
Gespeichert in:
| 1. Verfasser: | |
|---|---|
| Format: | Buch |
| Sprache: | Spanisch |
| Veröffentlicht: |
Buenos Aires
Siglo Veinte
1973
|
| Schlagworte: | |
| Tags: |
Tag hinzufügen
Keine Tags, Fügen Sie den ersten Tag hinzu!
|
MARC
| LEADER | 00000nam a2200000 a 4500 | ||
|---|---|---|---|
| 001 | UCU2775 | ||
| 003 | CL-VaPUC | ||
| 008 | 960426e19730000AG |||||||||||||||||spa|d | ||
| 082 | 0 | 4 | |a 501 |b BUN |2 21 |
| 100 | 0 | |a Bunge, Mario |e author |9 359292 | |
| 245 | 1 | 3 | |a La ciencia: su método y su filosofía |
| 300 | |a 159 p | ||
| 942 | |c BK | ||
| 945 | |d 19960426 00:00:00 |a lriquelm | ||
| 260 | |a Buenos Aires |b Siglo Veinte |c 1973 | ||
| 650 | 0 | |a Ciencia |9 255691 | |
| 650 | 0 | |a Metodología de la ciencia |9 346018 | |
| 650 | 0 | |a Filosofía de las ciencias |9 256466 | |
| 650 | 7 | |a CONOCIMIENTO |2 CL-VaPUC |9 308991 | |
| 583 | |a last modification |c 19960426 00:00:00 |k Rodrigo Vera | ||
| 999 | |c 246998 |d 246996 | ||
| 952 | |0 0 |1 0 |4 0 |6 501_000000000000000_BUN_1973 |7 0 |8 A |9 262443 |a BIBING |b BIBING |d 2019-11-19 |i 1643363 |o 501 BUN 1973 |p 1643363 |r 2025-01-20 |w 2019-11-19 |y BK |k CCL | ||
| 952 | |0 0 |1 0 |4 0 |6 501_000000000000000_BUN_1973 |7 0 |8 A |9 262444 |a BIBENE |b BIBENE |d 2019-11-19 |i 3263967 |o 501 BUN 1973 |p 3263967 |r 2025-01-15 |w 2019-11-19 |y BK |k ICO | ||